|
|
|
|
| LEADER |
00000nab a2200000 a 4500 |
| 001 |
vtls000279180 |
| 003 |
SK-MaSNL |
| 005 |
20260304020727.0 |
| 008 |
160202c1987 xo 0 slo |
| 015 |
|
|
|a SNBRB19rr/mm-uuuuu
|
| 035 |
|
|
|a CL0289298
|
| 040 |
|
|
|a SNKBUCL
|b slo
|c SNKBUCL
|e AACR2
|
| 041 |
0 |
|
|a slo
|
| 044 |
|
|
|a xo
|c SK
|
| 080 |
|
|
|a 82.09:885.4-1(082)(048)
|2 1981
|
| 080 |
|
|
|a 885.4-1(082)(048)
|2 1981
|
| 100 |
1 |
|
|a Andruška, Peter,
|d 1943-2024
|4 aut
|9 92598
|
| 245 |
1 |
0 |
|a Antológia slovenskej poézie v maďarčine
|c P. Andruška
|
| 500 |
|
|
|a V rubrike Zápisník
|
| 650 |
0 |
7 |
|a literárne antológie
|2 snkbucl
|9 428514
|
| 650 |
0 |
7 |
|a slovenská poézia
|2 snkbucl
|9 215422
|
| 655 |
|
7 |
|a články z novín a časopisov
|2 snkbucl
|9 267496
|
| 655 |
|
7 |
|a články z odboru literárna veda a krásna literatúra
|2 snkbucl
|9 770045
|
| 655 |
|
7 |
|a recenzie
|2 snkbucl
|9 21907
|
| 773 |
0 |
|
|t Slovenské pohľady
|g Roč. 103, č. 5 (1987), s. 155-156
|
| 787 |
0 |
8 |
|i Rec.:
|t Cseresznyevizágok balladája
|d Budapest : Kozmosz kônyvek, 1986
|
| 850 |
|
|
|a Slovenská národná knižnica v Martine
|a MTA001
|
| 852 |
|
|
|a SNK
|b KIS3GCP
|
| 954 |
|
|
|a odborná, vedecká literatúra pôvodná (slovenská)
|2 lita
|
| 958 |
|
|
|a RK
|
| 958 |
|
|
|a HU
|
| 958 |
|
|
|a LX
|
| 992 |
|
|
|a RBX
|
| 999 |
|
|
|c 2600721
|d 2602651
|